Creating cool interactive websites (Record no. 41226)
[ view plain ]
| 000 -LEADER | |
|---|---|
| fixed length control field | 00269nam a2200097Ia 4500 |
| 082 ## - DEWEY DECIMAL CLASSIFICATION NUMBER | |
| Classification number | 681.31WWW |
| Item number | SUM |
| 245 #0 - TITLE STATEMENT | |
| Title | Creating cool interactive websites |
| 260 ## - PUBLICATION, DISTRIBUTION, ETC. (IMPRINT) | |
| Place of publication | New Delhi |
| Name of publisher | Comdex Computer Publishing |
| Year of publication | 1996 |
| 942 ## - ADDED ENTRY ELEMENTS (KOHA) | |
| Koha item type | Books |
| Withdrawn status | Lost status | Damaged status | Not for loan | Home library | Current library | Date acquired | Cost, normal purchase price | Full call number | Accession Number | Koha item type |
|---|---|---|---|---|---|---|---|---|---|---|
| RRII Library | RRII Library | 16/12/2021 | 350.00 | 681.31WWW SUM | 21517 | Books |